Modern control theory / (Record no. 175936)
[ view plain ]
| 000 -LEADER | |
|---|---|
| fixed length control field | 01304 a2200205 4500 |
| 003 - CONTROL NUMBER IDENTIFIER | |
| control field | Nust |
| 005 - DATE AND TIME OF LATEST TRANSACTION | |
| control field | 20230102090722.0 |
| 010 ## - LIBRARY OF CONGRESS CONTROL NUMBER | |
| LC control number | 90006977 |
| 020 ## - INTERNATIONAL STANDARD BOOK NUMBER | |
| International Standard Book Number | 0135897637 |
| 040 ## - CATALOGING SOURCE | |
| Transcribing agency | Nust |
| 082 00 - DEWEY DECIMAL CLASSIFICATION NUMBER | |
| Classification number | 629.8,BRO |
| 100 1# - MAIN ENTRY--PERSONAL NAME | |
| Personal name | Brogan, William L. |
| 245 10 - TITLE STATEMENT | |
| Title | Modern control theory / |
| Statement of responsibility, etc. | William L. Brogan. |
| 250 ## - EDITION STATEMENT | |
| Edition statement | 3rd ed. |
| 260 ## - PUBLICATION, DISTRIBUTION, ETC. | |
| Place of publication, distribution, etc. | Englewood Cliffs, N.J. : |
| Name of publisher, distributor, etc. | Prentice Hall, |
| Date of publication, distribution, etc. | c1991. |
| 300 ## - PHYSICAL DESCRIPTION | |
| Extent | xviii, 653 p. : |
| Other physical details | ill. ; |
| Dimensions | 25 cm. |
| 505 ## - FORMATTED CONTENTS NOTE | |
| Formatted contents note | Background and Preview (Page-1), Highlights of Classical Control Theory (Page-31), State Varibles and the State Space Description of Dynamic Systems (Page-72), Fundamentals of Matrix Algebra (Page-121), Vectors and Linear Vector Space (Page-157), Simultaneous Linear Equations (Page-207), Functions of Square Matrices and Cayleyhamilton Theorem (Page-282), Analysis Continuous and Discrete Time Linear State Equations (Page-308), Stability (Page-342), Controllability and Obeservability for Linear Systems (Page-373), The Relationship Between State Variable and Transfer Function Descriptions of Systems (Page-404), Design of Linear Feedback Control Systems (Page-443), An introduction to Optimal Control Theory (Page-501), An Introduction to Nonlinear Control Systems (Page-563). |
| 650 #0 - SUBJECT ADDED ENTRY--TOPICAL TERM | |
| Topical term or geographic name entry element | Telecommunication Engineering |
| 942 ## - ADDED ENTRY ELEMENTS (KOHA) | |
| Koha item type | Book |
| Source of classification or shelving scheme | |
| Withdrawn status | Lost status | Source of classification or shelving scheme | Damaged status | Not for loan | Permanent Location | Current Location | Shelving location | Date acquired | Full call number | Barcode | Date last seen | Price effective from | Koha item type | Public note | Total Checkouts |
|---|---|---|---|---|---|---|---|---|---|---|---|---|---|---|---|
| Military College of Signals (MCS) | Military College of Signals (MCS) | General Stacks | 12/12/2016 | 629.8,BRO | MCS5626 | 12/08/2016 | 12/12/2016 | Book | Almirah No.41, Shelf No.3 | ||||||
| Military College of Signals (MCS) | Military College of Signals (MCS) | General Stacks | 01/02/2023 | 629.8,BRO | MCS5627 | 01/02/2023 | 01/02/2023 | Book | Almirah No.41, Shelf No.3 |
